000 00412nam a2200181Ia 4500
001 10283
005 20260306161820.0
008 260306t1942||||xx |||||||||||||| ||spa||
041 _aESP
082 _a914.6
_bK23
100 _aKarfeld, Kurt Peter
_eAUT
245 0 _aEspaña:
_bláminas en colores
260 _c1942
300 _a
_c29 cm.
650 _aGEN
654 _aCHU
942 _cLIB
_dJUS
_fJUS
_2ddc
_n
999 _c10283
_d10283